000 00305nam a22001457a 4500
008 210305b ||||| |||| 00| 0 eng d
020 _a0896400859
041 _aeng
080 _a61
082 _a61
100 _a4
101 _aSHM
245 _aGeriatric Nuclear Medicine
_cIIO,M
942 _2udc
_cBK
999 _c55875
_d55875